00858nam a22001697a 450000500170000000800410001705000330005810000200009124501120011126000340022330000170025750000400027465001570031494200130047199900190048495201850050320250812120657.0250812b |||||||| |||| 00| 0 eng d aTHE HG 4027.7 .O43 2007bC.1 aOmar, Nagib Ali aEffects of Financial Planning on Business Performance: A Case Study of Small Businesses in Malindi District aKisiibKisii Universityc2007 ax, 60p.:ill. aIncludes bibliographical references a1. Small business—Finance—Kenya. 2. Financial planning—Kenya. 3. Business performance—Kenya. 4. Business enterprises—Kenya—Malindi District. 2lcccREF c216028d216028 00102lcc406THE H G 04027.00007 .O00043 02007708SC9372829aKSULbKSULd2025-08-12i109453l0oTHE HG 4027.7 .O43 2007p000000023521r2025-08-12 12:08:05tC.1w2025-08-12yREF